000 00737nam a2200265Ia 4500
005 20260121170305.0
008 008 260114s9999 xx 000 0 eng d
020 _a9783319705484
037 _aEBOOK
040 _aCRL
040 _beng
040 _cCRL
041 _2eng
041 _aeng
084 _qCRL
100 _aAmjad Kallel, Mohamed Ksibi, Hamed Ben Dhia, Nabil Khélifi
_91062097
245 0 _aRecent Advances in Environmental Science from the Euro-Mediterranean and Surrounding Regions
260 _bSpringer
260 _bSpringer
260 _c2018
856 _uhttps://link.springer.com/openurl?genre=book&isbn=978-3-319-70548-4
942 _cEBOOK
999 _c1627826
_d1627826